The process and procedure of forest offence resolution, ដំណើរការ និងនីតិវិធីដោះស្រាយបទល្មើសព្រៃឈើ (Record no. 3372)

000 -LEADER
fixed length control field 00530nam a22001337a 4500
040 ## - CATALOGING SOURCE
Transcribing agency RUA
082 ## - DEWEY DECIMAL CLASSIFICATION NUMBER
Classification number FOR MEA 2005 B132 Or.1
100 ## - MAIN ENTRY--AUTHOR NAME
Personal name MEAN, VEASNA
245 ## - TITLE STATEMENT
Title The process and procedure of forest offence resolution, ដំណើរការ និងនីតិវិធីដោះស្រាយបទល្មើសព្រៃឈើ
260 ## - PUBLICATION, DISTRIBUTION, ETC. (IMPRINT)
Place of publication Phnom Penh
Name of publisher RUA
Year of publication 2005
300 ## - PHYSICAL DESCRIPTION
Number of Pages ix; 65p.
Other physical details ill.
Dimensions 29cm.
856 ## - ELECTRONIC LOCATION AND ACCESS
Uniform Resource Identifier https://drive.google.com/file/d/1tUXBm6ho-6sNywJt7cxjO-SLHU0UJlhx/view?usp=sharing
942 ## - ADDED ENTRY ELEMENTS (KOHA)
Koha item type FOR
952 ## - LOCATION AND ITEM INFORMATION (KOHA)
Withdrawn status [LOCAL, KOHA] 0
952 ## - LOCATION AND ITEM INFORMATION (KOHA)
Withdrawn status [LOCAL, KOHA] 0
952 ## - LOCATION AND ITEM INFORMATION (KOHA)
Withdrawn status [LOCAL, KOHA] 0
952 ## - LOCATION AND ITEM INFORMATION (KOHA)
Withdrawn status [LOCAL, KOHA] 0
952 ## - LOCATION AND ITEM INFORMATION (KOHA)
Withdrawn status [LOCAL, KOHA] 0
Holdings
Permanent Location Date acquired Koha item type Lost status Shelving location Barcode Current Location Full call number
Library Block B2015-11-12FOR B132RUA028952Library Block BFOR MEA 2005 B132 Or.1
Library Block B2015-11-12FOR B132RUA028702Library Block BFOR MEA 2005 B132 Or.2
Library Block B2015-11-12FOR B132RUA028880Library Block BFOR MEA 2005 B132 Or.3
Library Block B2015-11-12FOR B132RUA028808Library Block BFOR MEA 2005 B132 Or.4
Library Block B2015-11-12FOR B132RUA028395Library Block BFOR MEA 2005 B132 Or.5
មជ្ឈមណ្ឌលឯការនៃសាកលវិទ្យាល័យភូមិន្ទកសិកម្មចំការដូង

Powered by Koha